|
|
|
|
| LEADER |
00000nam0a2200000 4500 |
| 001 |
167984 |
| 005 |
20240815134900.0 |
| 010 |
|
|
|a 9785986721262
|
| 010 |
|
|
|a 978-5-7418-0572-5
|
| 035 |
|
|
|a (RuTPU)RU\TPU\book\182249
|
| 090 |
|
|
|a 167984
|
| 100 |
|
|
|a 20091022d2009 m y0rusy50 ca
|
| 101 |
0 |
|
|a rus
|
| 102 |
|
|
|a RU
|
| 105 |
|
|
|a a j 001zy
|
| 200 |
1 |
|
|a Инженерная логистика погрузочно-разгрузочных транспортных и складских работ на горных предприятиях
|e учебное пособие для вузов
|f В. И. Галкин, Е. Е. Шешко
|g Московский государственный горный университет (МГГУ)
|
| 210 |
|
|
|a Москва
|c Горная книга
|d 2009
|
| 215 |
|
|
|a 156 с.
|c ил.
|
| 225 |
1 |
|
|a Инфраструктура горного производства
|v № 1
|
| 320 |
|
|
|a Библиогр.: с. 154.
|
| 330 |
|
|
|a Приведены конструктивные и технологические решения погрузочно-перегрузочных и разгрузочных узлов, а также складских комплексов горных предприятий (открытых и подземных), дано их описание и эксплуатационные расчёты в зависимости от типов применяемых транспортных средств. Рассмотрены основные механизмы, используемые при организации погрузочно-разгрузочных транспортных и складских работ, являющейся одной из главных задач в системе управления материальными потоками в цепи производственной логистики. Изложены принципы расчёта и выбора параметров оборудования применительно к различным условиям эксплуатации перегрузочных звеньев транспортной цепи горного предприятия.
|
| 606 |
|
|
|a Горнотранспортные машины
|x Механика
|2 stltpush
|3 (RuTPU)RU\TPU\subj\7712
|9 35280
|
| 610 |
1 |
|
|a горные предприятия
|
| 610 |
1 |
|
|a карьеры
|
| 610 |
1 |
|
|a транспорт
|
| 610 |
1 |
|
|a комбинированные схемы
|
| 610 |
1 |
|
|a погрузочные комплексы
|
| 610 |
1 |
|
|a перегрузочные устройства
|
| 610 |
1 |
|
|a разгрузочные устройства
|
| 610 |
1 |
|
|a подземные работы
|
| 610 |
1 |
|
|a шахты
|
| 610 |
1 |
|
|a поверхности
|
| 610 |
1 |
|
|a оборудование
|
| 610 |
1 |
|
|a рациональные параметры
|
| 610 |
1 |
|
|a автомобильно-конвейерный транспорт
|
| 610 |
1 |
|
|a пластинчатые питатели
|
| 610 |
1 |
|
|a технические характеристики
|
| 610 |
1 |
|
|a инженерная логика
|
| 610 |
1 |
|
|a учебные пособия
|
| 610 |
1 |
|
|a горное дело
|
| 675 |
|
|
|a 622.61(075.8)
|v 3
|
| 700 |
|
1 |
|a Галкин
|b В. И.
|g Владимир Иванович
|
| 701 |
|
1 |
|a Шешко
|b Е. Е.
|g Евгения Евгеньевна
|
| 712 |
0 |
2 |
|a Московский государственный горный университет (МГГУ)
|c (1993- )
|2 stltpush
|3 (RuTPU)RU\TPU\col\453
|
| 801 |
|
1 |
|a RU
|b 63413507
|c 20091022
|
| 801 |
|
2 |
|a RU
|b 63413507
|c 20140723
|g RCR
|
| 900 |
|
|
|a Логистика
|
| 942 |
|
|
|c BK
|
| 951 |
|
|
|b 130400
|b 150402
|b 150400
|b 190000
|b 190207
|
| 959 |
|
|
|a 109/20091021
|d 1
|e 210,00
|f ЧЗТЛ:1
|